00789nam a2200217 i 450000100060000000300090000600500170001500700030003200800410003510000180007624502020009426000550029630000340035170000180038570000300040370000300043370000260046370000270048970000240051685200310054059060ES-MaACL20230906163943.0t|031027s1958 sp ||||1| spa d1 aEdlbacher, S.10aTratado de química fisiológica / cS. Edlbacher, F. Leuthardt ; traducción del alemán por L. y F. Fernández Sánchez, J. Moreno Calvo y A. Yusta Almarza ; prólogo de Angel Santos Ruiz. aMadrid : bAguilar, c1958 (eBilbao : fGrijelmo) aXX, 883 p. : bil. ; c24 cm.1 aLeuthardt, F.1 aFernández Sánchez, L.1 aFernández Sánchez, F.0 aMoreno Calvo, José.0 aYusta Almarza, Albino.1 aSantos Ruiz, Angel. aES-MaACLjA-4129 bR.41604